ICT and MFL.

This programme demonstrates how ICT can enhance Modern Foreign Language lessons and how it can also motivate pupils. The programme is set in a language laboratory at Hodge Hill Girls School, Birmingham. It features a Year 7 class being taught French by Marie Daniels, the Head of Modern Foreign Langu...

Full description

Bibliographic Details
Corporate Author: Television Junction (Producer)
Format: Video
Language:English
Language Notes:This edition in English.
Published: [England] : Teachers TV/UK Dept. of Education, 2005.
Series:Education in video
KS3 modern foreign languages ; 1
Subjects:
Online Access:Connect to this streaming video (Alexander Street Press)

MARC

Tag First Indicator Second Indicator Subfields
LEADER 00000cgm a2200000Ma 4500
001 in00005532321
006 m o c
007 cr |n|---||a|a
007 vz |zazu|
008 120229s2005 enk014 o vleng d
005 20241201225248.1
035 |a (OCoLC)ocn808818740 
040 |a ALSTP  |b eng  |e pn  |c ALSTP  |d OCLCO  |d OCLCQ  |d VMC  |d OCLCQ  |d OCLCA  |d OCLCF  |d OCLCQ  |d OCLCO  |d OCLCA  |d OCLCQ  |d OCLCO  |d OCLCA  |d OCLCQ  |d MNI  |d INT  |d OCLCQ  |d WYU  |d OCLCA  |d ORU  |d OCLCO 
035 |a (OCoLC)808818740 
050 4 |a AE5  |b .A940 Internet 
049 |a TXAM 
245 0 0 |a ICT and MFL. 
260 |a [England] :  |b Teachers TV/UK Dept. of Education,  |c 2005. 
300 |a 1 online resource (14 min.). 
336 |a two-dimensional moving image  |b tdi  |2 rdacontent 
337 |a computer  |b c  |2 rdamedia 
338 |a online resource  |b cr  |2 rdacarrier 
490 0 |a Education in video 
490 0 |a KS3 modern foreign languages ;  |v 1 
500 |a Title from resource description page (viewed Mar. 5, 2012). 
520 |a This programme demonstrates how ICT can enhance Modern Foreign Language lessons and how it can also motivate pupils. The programme is set in a language laboratory at Hodge Hill Girls School, Birmingham. It features a Year 7 class being taught French by Marie Daniels, the Head of Modern Foreign Languages. Marie explains how she has changed her teaching methods since introducing ICT into MFL lessons. We see the class working together in small groups and in pairs, using a variety of resources including an interactive whiteboard, educational language software, a website and high quality live voice interaction. There is advice for teachers on how to introduce ICT into MFL lessons and information about opportunities for Continued Professional Development. 
546 |a This edition in English. 
650 0 |a Educational technology. 
650 0 |a Language and languages  |x Study and teaching  |x Foreign speakers. 
650 2 |a Educational Technology 
650 6 |a Technologie éducative. 
650 6 |a Langage et langues  |x Étude et enseignement  |x Allophones. 
650 7 |a Educational technology.  |2 fast  |0 (OCoLC)fst00903623 
650 7 |a Language and languages  |x Study and teaching  |x Foreign speakers.  |2 fast  |0 (OCoLC)fst00992232 
655 4 |a Alexander Street Video. 
655 7 |a Instructional television programs.  |2 fast  |0 (OCoLC)fst01726126 
655 7 |a Nonfiction television programs.  |2 fast  |0 (OCoLC)fst01710270 
655 7 |a Nonfiction television programs.  |2 lcgft 
655 7 |a Instructional television programs.  |2 lcgft 
655 7 |a Émissions télévisées autres que de fiction.  |2 rvmgf 
655 7 |a Émissions pédagogiques télévisées.  |2 rvmgf 
710 2 |a Television Junction.  |4 pro 
776 0 8 |i Print version:  |t ICT and MFL.  |d [England] : Teachers TV/UK Dept. of Education, 2005 publisher catalog number  |o C/0747/001 
856 4 0 |u http://proxy.library.tamu.edu/login?url=https://www.aspresolver.com/aspresolver.asp?AVN2;1781360  |z Connect to this streaming video (Alexander Street Press)  |t 0 
955 |a Alexander Street Press subscription streaming video 
994 |a 92  |b TXA 
999 f f |s f2156b45-1903-455e-928e-d52fe9519080  |i b9948b22-b91c-4c56-9fcb-190c92fa6478  |t 0 
952 f f |a Texas A&M University  |b College Station  |c Electronic Resources  |d Available Online  |t 0  |e AE5 .A940 Internet  |h Library of Congress classification 
998 f f |a AE5 .A940 Internet  |t 0  |l Available Online